000 01005nam a2200349 a 4500
003 AR-BaBNM
005 20251128204235.0
008 082120s2002 ||||||||||||||000 | spa||
020 _a950-25-1504-8
040 _cAR-BaBNM
100 1 _aDuval, Natalia
245 0 0 _aLos sindicatos clasistas
_bSiTraC : 1970-1971
260 _aBuenos Aires
_bCentro Editor de América Latina
_c1988
300 _a152 p.
490 0 _aBiblioteca política Argentina
_vV. 235
500 _aSiTraC: Sindicato de Trabajadores Concord
500 _aSiTraM: Sindicato de Trabajadores de Materfer
500 _aDocumentos en p. 79-148
504 _aBibliografía en p. 152
650 4 _aHISTORIA ARGENTINA
650 4 _aPOLITICA
650 4 _aCONFLICTO LABORAL
650 4 _aMOVIMIENTO OBRERO
650 4 _aSINDICATOS
650 4 _aHUELGA
650 4 _aCONDICIONES DE TRABAJO
650 4 _aCLASE BAJA
651 4 _aArgentina
800 1 _aTroncoso, Oscar
_edirector
942 _cBK
998 _cenrique
999 _c6674
_d6674